000 00683nam a2200253Ia 4500
003 OSt
005 20221005033446.0
006 a|||||r|||| 00| 0
007 ta
008 221004b |||||||| |||| 00| 0 eng d
024 _a44186
037 _cTextual
040 _aCRL
_cCRL
_beng
041 _2eng
_aeng
082 _aO15,7:g, 111N2
100 _aDespande C R
_9586099
245 0 _aStudies in champu literature
260 _aDelhi
_bBharatiya Vidya Prakashan India
_c1992
300 _a443p
_ccm.
650 _a SANSKRIT LITERATURE
650 _aSANSKRIT LITERATURE
942 _hO15,7:g, 111N2
_cTEXL
_2cc
999 _c941549
_d941549